Les places de Paris en images (1) - Statistiques

Statistiques générales
  • Ce quiz a été pris 88 fois
  • Le résultat moyen est 10 sur 27
Statistiques - réponses
Par images Hint Réponse % Correct
C Place de la {Concorde}
95%
P Place du {Panthéon}
91%
I Place d {Italie}
80%
P Place Georges {Pompidou}
68%
T Place du {Trocadero}
64%
S Place de la bataille de {Stalingrad}
49%
M Place Saint {Michel}
47%
T Place du {Tertre}
46%
S Place Saint {Sulpice}
45%
I Place d {Iena}
43%
L Place de {La Madeleine}
42%
G Place Sainte {Geneviève}
42%
V Place des {Victoires}
39%
A Place Saint {Augustin}
37%
G Place Saint {Germain-des-Prés}
34%
C Place du {Chatelet}
29%
C Place du {Carrousel}
26%
M Place {Monge}
26%
A Place des {Abbesses}
22%
D Place {Dauphine}
21%
E Place {Edouard VII}
18%
C Place {Clémenceau}
17%
G Place Saint {Gervais}
16%
D Place {Dalida}
14%
P Place des {Pyramides}
12%
Chiffre Place du {11 novembre 1918}
11%
E Place de l {Estrapade}
8%
Aucun quiz correspondant
Distribution des résultats
% des personnes avec chaque résultat
Percentile par nombre de réponses
Votre historique - résultats
Vous n’avez pas pris ce quiz